| 000 | 00341nam a2200121 i 4500 | ||
|---|---|---|---|
| 001 | 190116 | ||
| 003 | ES-MaACL | ||
| 005 | 20230906223638.0 | ||
| 008 | 200729s1901 sp |||| | spa d | ||
| 245 | 0 | 0 | _aReglamento de la Academia de Derecho y demás Ciencias Sociales... |
| 260 |
_aBilbao : _b[s.n.], _c1901. |
||
| 852 |
_aES-MaACL _jT-957-F-3 |
||
| 999 |
_c190116 _d190116 |
||